Groups of Things - Witcher 3 - Statistics

General Stats
  • This quiz has been taken 80 times
  • The average score is 30 of 44
Answer Stats
Hint Answer % Correct
Expansion Packs Blood and Wine
94%
Main Romantic Choices Yennefer of Vengerberg
94%
Witchers from School of the Wolf Geralt of Rivia
92%
Witcher Signs Igni
92%
Main Romantic Choices Triss Merigold
92%
Expansion Packs Hearts of Stone
89%
Gwent Decks Nilfgaardian Empire
89%
Witcher Swords Silver
89%
Witcher Swords Steel
87%
Regions on the World Map The Skellige Isles
87%
Witcher Signs Aard
85%
Witcher Signs Quen
84%
Gwent Decks Monsters
82%
Witchers from School of the Wolf Eskel
81%
Witchers from School of the Wolf Lambert
81%
Witcher Signs Yrden
81%
Regions on the World Map Novigrad
79%
Witchers from School of the Wolf Vesemir
79%
Witcher Signs Axii
77%
Possible Ends for Ciri Becomes a Witcher
76%
Regions on the World Map Velen - No Man's Land
76%
Co-Conspirators to Kill Radovid Sigismund Dijkstra
73%
Types of Quests Main quests
69%
Wild Hunt Commanders Eredin
68%
Regions on the World Map Kaer Morhen
68%
Co-Conspirators to Kill Radovid Vernon Roche
68%
Strenger (Bloody Baron) Family Members Anna
66%
Gwent Decks Northern Realms
65%
Possible Ends for Ciri Disappears
63%
Gwent Decks Scoia'tael
63%
Types of Quests Contracts
60%
Strenger (Bloody Baron) Family Members Phillip
60%
Possible Ends for Ciri Becomes Empress
58%
Regions on the World Map White Orchard
56%
Wild Hunt Commanders Imlerith
52%
Regions on the World Map Royal Palace in Vizima
52%
Strenger (Bloody Baron) Family Members Tamara
48%
Co-Conspirators to Kill Radovid Thaler
45%
Types of Quests Treasure hunts
45%
Wild Hunt Commanders Caranthir
40%
Crones Weavess
34%
Crones Brewess
32%
Types of Quests Secondary quests
32%
Crones Whispess
31%
No matching quizzes found
Score Distribution
Percent of People with Each Score
Percentile by Number Answered
Your Score History
You have not taken this quiz